000
00203 a2200097 4500
001
49460
100
_a
Ward
245
_a
Twentieth Century Prose
260
_a
London
_b
Longman
_c
090
_c
31991
_d
31991
942
_a
NUST-CAE
_c
M
_c
24437
999
_c
284533
_d
284533